000
00231nam a2200097Ia 4500
001
959251
005
20250826215920.0
008
250824s9999 xx 000 0 und d
245
0
_a
NUTUK
_c
MUSTAFA KEMAL
260
_b
TEBEŞİR YAYINLARI
999
_c
959251
_d
959251